ARRUPE JESUIT UNIVERSITY

CORONAVIRUS -STOP THE SPREAD - CLEAN,DISINFECT,COVER

Jesus the parable of God : (Record no. 122239)

MARC details
000 -LEADER
fixed length control field 00553nam a22001577a 4500
008 - FIXED-LENGTH DATA ELEMENTS--GENERAL INFORMATION
fixed length control field 150302b xxu||||| |||| 00| 0 eng d
020 ## - INTERNATIONAL STANDARD BOOK NUMBER
International Standard Book Number 1556350252
050 ## - LIBRARY OF CONGRESS CALL NUMBER
Classification number BT303.2.S35 1994
100 ## - MAIN ENTRY--PERSONAL NAME
Personal name Schweizer, Eduard
9 (RLIN) 15675
245 ## - TITLE STATEMENT
Title Jesus the parable of God :
Remainder of title what do we really know about Jesus
Statement of responsibility, etc / by Eduard Schweizer
260 ## - PUBLICATION, DISTRIBUTION, ETC. (IMPRINT)
Place of publication, distribution, etc Allison park, Pennsylvania
Name of publisher, distributor, etc Pickwick
Date of publication, distribution, etc 1994
300 ## - PHYSICAL DESCRIPTION
Extent 120p. ;
Dimensions 22cm.
650 ## - SUBJECT ADDED ENTRY--TOPICAL TERM
Topical term or geographic name as entry element Jesus Christ
General subdivision Historicity
9 (RLIN) 561
650 ## - SUBJECT ADDED ENTRY--TOPICAL TERM
Topical term or geographic name as entry element Bible N.T. Gospels
General subdivision Criticism
-- interpretation
9 (RLIN) 15676
942 ## - ADDED ENTRY ELEMENTS (KOHA)
Source of classification or shelving scheme Library of Congress Classification
Item type Monograph ( Printed materials)
Holdings
Withdrawn status Lost status Source of classification or shelving scheme Damaged status Not for loan Collection code Home library Current library Shelving location Date acquired Total Checkouts Full call number Barcode Date last seen Price effective from Koha item type
    Library of Congress Classification     Main Collection ARRUPE LIBRARY ARRUPE LIBRARY Main Collection 02/03/2015   BT303.2.S35 1994 46500002829 01/12/2016 02/03/2015 Monograph ( Printed materials)

 

Arrupe Library. PO Box MP320 Mt Pleasant, Harare, Zimbabwe
263 242 745411|librarian@aju.ac.zw